| 000 | 00373nam a22001577a 4500 | ||
|---|---|---|---|
| 003 | OSt | ||
| 005 | 20250618122434.0 | ||
| 008 | 250618b |||||||| |||| 00| 0 eng d | ||
| 020 | _a9789966561534 | ||
| 040 |
_aKABU _cKABU |
||
| 050 |
_aPL3704 _b.M58 1993 |
||
| 100 | _aMtobwa, Ben R. | ||
| 245 |
_aNajiskia kuua tena / _cBen R. Mtobwa |
||
| 300 | _a108p. | ||
| 942 |
_2lcc _cBK |
||
| 999 |
_c20755 _d20754 |
||